| 000 | 00372nam a2200133Ia 4500 | ||
|---|---|---|---|
| 005 | 20260328104309.0 | ||
| 008 | 260328s9999||||xx |||||||||||||| ||und|| | ||
| 100 | _aVentocilla, Jorge | ||
| 245 | 0 |
_a¿Qué vuela ahí?guia para las aves de la Ciudad de Panamá / _cJorge Ventocilla |
|
| 260 | _bSmithsonian Institute | ||
| 300 | _a157 p. | ||
| 650 | _aPANAMÁ | ||
| 942 | _cBK | ||
| 999 |
_c10873 _d10873 |
||